Problemas de física para los cursos selectivos y preuniversitarios / (Record no. 142869)

MARC details
000 -LEADER
campo de control de longitud fija 00656nam a2200193 i 4500
001 - NÚMERO DE CONTROL
campo de control 142869
003 - IDENTIFICADOR DE NÚMERO DE CONTROL
campo de control ES-MaACL
005 - FECHA Y HORA DE LA ÚLTIMA TRANSACCIÓN
campo de control 20230906200638.0
007 - CAMPO FIJO DE DESCRIPCIÓN FÍSICA--INFORMACIÓN GENERAL
campo de control de longitud fija t|
008 - DATOS DE LONGITUD FIJA--INFORMACIÓN GENERAL
campo de control de longitud fija 071010s1961 sp a |||| | spa d
080 ## - NÚMERO DE LA CLASIFICACIÓN DECIMAL UNIVERSAL
Número de la Clasificación Decimal Universal 53(076)
100 1# - ENTRADA PRINCIPAL--NOMBRE DE PERSONA
Nombre de persona Vidal Llenas, José María.
9 (RLIN) 114499
245 10 - MENCIÓN DEL TÍTULO
Título Problemas de física para los cursos selectivos y preuniversitarios /
Mención de responsabilidad, etc. por José Mª Vidal Llenas y Vicente Gandía Gomar.
260 ## - PUBLICACIÓN, DISTRIBUCIÓN, ETC.
Lugar de publicación, distribución, etc. Barcelona :
Nombre del editor, distribuidor, etc. [s.n.],
Fecha de publicación, distribución, etc. 1961 (
Lugar de fabricación/manufactura Bilbao :
Fabricante Gráf. Grijelmo)
300 ## - DESCRIPCIÓN FÍSICA
Extensión VIII, 250 p. :
Otras características físicas il. ;
Dimensiones 22 cm.
650 14 - PUNTO DE ACCESO ADICIONAL DE MATERIA--TÉRMINO DE MATERIA
Término de materia o nombre geográfico como elemento de entrada Física-
Subdivisión de forma Problemas.
9 (RLIN) 12885
700 1# - ENTRADA AGREGADA--NOMBRE PERSONAL
Nombre de persona Gandía Gomar, Vicente.
9 (RLIN) 53840
852 ## - LOCALIZACIÓN
Ubicación ES-MaACL
Número de control de estantería B-938
Holdings
Estatus retirado Estado de pérdida Estado de daño No para préstamo Biblioteca de origen Biblioteca actual Ubicación en estantería Fecha de adquisición Fuente de adquisición Total de préstamos Signatura topográfica completa Código de barras Visto por última vez Precio de reemplazo Tipo de ítem Koha
        Biblioteca del Ateneo de Madrid Biblioteca del Ateneo de Madrid Sala Pardo Bazán 17/01/2008     B-938 1148651 23/02/2023 23/02/2023 Libro impreso